Cities that hosted the Junior Eurovision song contest (+map) - Statistics

General Stats
  • This quiz has been taken 753 times
    107 since last reset
  • The average score is 13 of 19
Answers on the Map
Answers color-coded by a green-red scale on the quiz's map according to % correct below.
 
Answer Stats
City Years it hosted % Correct
Paris 2021
95%
Madrid 2024
92%
Kiev 2009, 2013
85%
Minsk 2010, 2018
85%
Warsaw 2020
84%
Copenhagen 2003
83%
Valletta 2016
82%
Amsterdam 2012
80%
Nice 2023
80%
Rotterdam 2007
80%
Sofia 2015
80%
Yerevan 2011, 2022
75%
Tbilisi 2017, 2025
71%
Bucharest 2006
68%
Limassol 2008
48%
Lillehammer 2004
43%
Gliwice 2019
39%
Hasselt 2005
29%
Marsa 2014
21%
No matching quizzes found
Score Distribution
Percent of People with Each Score
Percentile by Number Answered
Your Score History
You have not taken this quiz since the last reset